000
00269nam a2200133Ia 4500
100
_a
Phadke/Sneha
942
_c
BK
654
_a
Programming
245
_a
Computer Programming 1
260
_b
Technova
_c
1998
082
_a
5.1
_b
PHA
546
_a
ENGLISH
999
_c
29953
_d
29953